FIFA World Cup 2026 - Australia Squad - Statistics

General Stats
  • This quiz has been taken 5 times
    2 since last reset
  • The average score is 6 of 27
Answer Stats
Team # Position Club/Country Player % Correct
Australia 19 CB Leicester City Harry Souttar
100%
Australia 1 GK Levante UD Mathew Ryan
100%
Australia 11 LW CD Castellón Awer Mabil
50%
Australia 16 LB Melbourne City FC Aziz Behich
50%
Australia 21 CB Swansea City Cameron Burgess
50%
Australia 22 CM FC St. Pauli Jackson Irvine
50%
Australia 4 RB Grazer AK 1902 Jacob Italiano
50%
Australia 7 RW Melbourne City FC Mathew Leckie
50%
Australia 2 CB APOEL Nicosia Milos Degenek
50%
Australia Manager Australia Tony Popovic
50%
Australia 13 DM New York City FC Aiden O'Neill
0%
Australia 10 CM Heracles Almelo Ajdin Hrustic
0%
Australia 3 CB Parma Calcio 1913 Alessandro Circati
0%
Australia 14 CM Heart of Midlothian FC Cammy Devlin
0%
Australia 8 CM FC St. Pauli Connor Metcalfe
0%
Australia 20 AM US Sassuolo Cristian Volpato
0%
Australia 6 RB Albirex Niigata Jason Geria
0%
Australia 5 LB Feyenoord Rotterdam Jordan Bos
0%
Australia 15 DM New York City FC Kai Trewin
0%
Australia 25 CB Colorado Rapids Lucas Herrington
0%
Australia 9 ST Norwich City Mohamed Touré
0%
Australia 17 RW Watford FC Nestory Irankunda
0%
Australia 23 LW Melbourne Victory Nishan Velupillay
0%
Australia 18 GK Melbourne City FC Patrick Beach
0%
Australia 12 GK Randers FC Paul Izzo
0%
Australia 24 DM Sydney FC Paul Okon-Engstler
0%
Australia 26 ST Machida Zelvia Tete Yengi
0%
No matching quizzes found
Score Distribution
Percent of People with Each Score
Percentile by Number Answered
Your Score History
You have not taken this quiz since the last reset